000 00313nam a22001337a 4500
008 180110b xxu||||| |||| 00| 0 eng d
020 _a0926842307
041 _aeng
080 _a37
100 _a46
101 _aEDU
245 _aTeaching Multicultural Literature in Grades K-8
_cHarris,V.J
942 _2udc
_cBK
999 _c40027
_d40027